Определение временных параметров модуляции сварочной ванны; Прогрессивные технологии и экономика в машиностроении; Т. 1

Bibliografski detalji
Parent link:Прогрессивные технологии и экономика в машиностроении: труды III Всероссийской научно-практической конференции, 19-21 мая 2005 года, Юрга/ Томский политехнический университет ; под ред. О. Ю. Ретюнского.— , 2005
Т. 1.— 2005.— С. 154-156
Daljnji autori: Федько В. Т. Валериан Тимофеевич, Брунов О. Г. Олег Геннадьевич, Крюков А. В. Артём Викторович, Седнев В. В. Вячеслав Владимирович
Jezik:ruski
Izdano: 2005
Teme:
Format: Poglavlje knjige
KOHA link:https://koha.lib.tpu.ru/cgi-bin/koha/opac-detail.pl?biblionumber=130275

MARC

LEADER 00000naa2a2200000 4500
001 130275
005 20251203155618.0
035 |a (RuTPU)RU\TPU\book\141096 
090 |a 130275 
100 |a 20080201d2005 k y0rusy50 ca 
101 0 |a rus 
102 |a RU 
200 1 |a Определение временных параметров модуляции сварочной ванны  |f В. Т. Федько [и др.] 
320 |a Библиогр.: 4 назв. 
461 1 |0 (RuTPU)RU\TPU\book\118979  |t Прогрессивные технологии и экономика в машиностроении  |o труды III Всероссийской научно-практической конференции, 19-21 мая 2005 года, Юрга  |o в 2 т.  |f Томский политехнический университет ; под ред. О. Ю. Ретюнского  |d 2005 
463 0 |0 (RuTPU)RU\TPU\book\118372  |t Т. 1  |v С. 154-156  |d 2005 
610 1 |a сварочные ванны 
610 1 |a модуляция 
610 1 |a сварка плавлением 
610 1 |a труды учёных ТПУ 
701 1 |a Федько  |b В. Т.  |c российский ученый  |c профессор Томского политехнического университета  |c директор Юргинского технологического института ТПУ  |c Заслуженный изобретатель РФ  |f 1937-  |g Валериан Тимофеевич  |3 (RuTPU)RU\TPU\pers\22018 
701 1 |a Брунов  |b О. Г.  |c доцент, кандидат технических наук  |c Юргинский технологический институт (филиал) Томского политехнического университета  |g Олег Геннадьевич  |3 (RuTPU)RU\TPU\pers\24203  |9 10701 
701 1 |a Крюков  |b А. В.  |c российский учёный в области сварки  |c старший преподаватель Юргинского технологического института (филиал) Томского политехнического университета  |g Артём Викторович  |3 (RuTPU)RU\TPU\pers\24492 
701 1 |a Седнев  |b В. В.  |c специалист в области машиностроения  |c старший преподаватель Юргинского технологического института Томского политехнического университета  |f 1976-  |g Вячеслав Владимирович  |3 (RuTPU)RU\TPU\pers\30726  |9 14997 
801 1 |a RU  |b 63413507  |c 20080201  |g PSBO 
801 2 |a RU  |b 63413507  |c 20130711  |g RCR 
942 |c BK